Four pleasant plays
Saved in:
| Hovedforfatter: | |
|---|---|
| Format: | Bog |
| Sprog: | engelsk |
| Udgivet: |
Roma
Albatros
1949
|
| Fag: | |
| Tags: |
Tilføj Tag
Ingen Tags, Vær først til at tagge denne postø!
|
MARC
| LEADER | 00000nam a2200000 a 4500 | ||
|---|---|---|---|
| 001 | UCR9829 | ||
| 003 | CL-VaPUC | ||
| 008 | 980619e19490000IT |||||||||||||||||eng|d | ||
| 082 | 0 | 4 | |a 822 |b SHA |2 21 |
| 100 | 0 | |a Shaw, George Bernard |e author |9 322529 | |
| 245 | 1 | 0 | |a Four pleasant plays |
| 246 | 1 | 0 | |a Arms and the man |
| 246 | 1 | 0 | |a Candida |
| 246 | 1 | 4 | |a The man of destiny |
| 246 | 1 | 0 | |a You never can tell |
| 300 | |a 358 p | ||
| 942 | |c BK | ||
| 945 | |d 19980619 00:00:00 |a cmena | ||
| 260 | |a Roma |b Albatros |c 1949 | ||
| 650 | 7 | |a DRAMAS IRLANDESES |2 CL-VaPUC |9 412760 | |
| 650 | 7 | |a TEATRO IRLANDES |2 CL-VaPUC |9 317816 | |
| 650 | 0 | |a Literatura irlandesa |9 349943 | |
| 583 | |a last modification |c 19980619 00:00:00 |k Rodrigo Vera | ||
| 999 | |c 271005 |d 271003 | ||
| 952 | |0 0 |1 0 |4 0 |6 822_000000000000000_SHA_1949 |7 0 |8 A |9 305487 |a BIBEDU |b BIBEDU |d 2019-11-20 |i 1422049 |o 822 SHA 1949 |p 1422049 |r 2019-11-20 |w 2019-11-20 |y BK |k LIT | ||